000
00216nam a22000977a 4500
008
170125b xxu||||| |||| 00| 0 srb d
041
_a
srb
080
_a
61
245
_a
URGENTINA MEDIICNA
_c
VUCOVIC, D
942
_2
udc
_c
BK
999
_c
3651
_d
3651